[Event "Naestved Unichess 3"]
[Site "Naestved"]
[Date "1996.10.18"]
[Round "3"]
[White "Larsson, Joern"]
[Black "Jensen, Peter Haugaard"]
[Result "0-1"]
[WhiteElo "1132"]
[BlackElo "1301"]
[PlyCount "126"]
[EventDate "1996.10.12"]
[EventType "swiss"]
[EventRounds "5"]
[EventCountry "DEN"]
[SourceTitle "EXT 2023"]
[Source "ChessBase"]
[SourceDate "2022.10.05"]
[SourceVersion "1"]
[SourceVersionDate "2022.10.05"]
[SourceQuality "1"]

1. e4 e5 2. Nf3 Nf6 3. Nc3 Nc6 4. a3 g6 5. Bc4 Bg7 6. d3 d6 7. h3 0-0 8. Bg5 Qe8 9. Nd5 Nxd5 10. Bxd5 Be6 11. 0-0 Bxd5 12. exd5 Ne7 13. c4 a6 14. Re1 b5 15. Qc2 Nf5 16. Bd2 Qd7 17. Bc3 Rfe8 18. Ba5 Rac8 19. Re4 c6 20. Qb3 cxd5 21. cxd5 Qb7 22. Rae1 Rc5 23. d4 Rxd5 24. dxe5 dxe5 25. Bc7 f6 26. Rd1 Ne7 27. Bd6 Rd8 28. Bxe7 Kh8 29. Bxd8 Rxd1+ 30. Qxd1 Qxe4 31. Qd7 Qc4 32. Nd2 Qg8 33. Ne4 Qf8 34. Nd6 f5 35. Nf7+ Kg8 36. Qe6 Qxf7 37. Qxa6 Qb3 38. Qc6 Qd1+ 39. Kh2 Qxd8 40. Qxb5 e4 41. b4 Qc7+ 42. Kg1 Qc1+ 43. Qf1 Bb2 44. Qxc1 Bxc1 45. a4 Ba3 46. b5 Bb4 47. b6 Ba5 48. b7 Bc7 49. a5 Bb8 50. a6 Ba7 51. Kf1 Kf7 52. Ke2 Ke6 53. Kd2 Kd6 54. f4 exf3 55. gxf3 Kc6 56. Kd3 Kb5 57. b8Q+ Bxb8 58. Ke3 Kxa6 59. f4 Kb6 60. Kf3 Kc5 61. h4 h5 62. Kg3 Kd4 63. Kf3 Bd6 0-1

[Event "Naestved Unichess 3"]
[Site "Naestved"]
[Date "1996.10.13"]
[Round "2"]
[White "Jensen, Peter Haugaard"]
[Black "Christensen, Ole"]
[Result "1-0"]
[WhiteElo "1301"]
[BlackElo "1000"]
[PlyCount "73"]
[EventDate "1996.10.12"]
[EventType "swiss"]
[EventRounds "5"]
[EventCountry "DEN"]
[SourceTitle "EXT 2023"]
[Source "ChessBase"]
[SourceDate "2022.10.05"]
[SourceVersion "1"]
[SourceVersionDate "2022.10.05"]
[SourceQuality "1"]

1. e4 d5 2. exd5 Qxd5 3. Nc3 Qa5 4. d4 Nf6 5. Bd2 c6 6. Nf3 Bg4 7. g3 e6 8. Bg2 Bxf3 9. Qxf3 Be7 10. 0-0 0-0 11. Rfe1 Nbd7 12. Ne4 Qb6 13. Bc3 Rad8 14. Rad1 Nd5 15. a3 N7f6 16. b4 a6 17. Bb2 a5 18. c4 Nc7 19. c5 Qb5 20. Nc3 Qa6 21. Bf1 Qa8 22. Qf4 Ncd5 23. Nxd5 Nxd5 24. Qg4 axb4 25. axb4 Nxb4 26. d5 f6 27. d6 Bxd6 28. cxd6 Nd5 29. Qxe6+ Kh8 30. d7 Qa7 31. Bg2 Qb6 32. Bxd5 Qxb2 33. Bg2 f5 34. Qe7 f4 35. Qxd8 Rxd8 36. Re8+ Rxe8 37. dxe8Q# 1-0

[Event "Lovfalds 09th D"]
[Site "Ringsted"]
[Date "1995.09.09"]
[Round "2"]
[White "Pedersen, Ernst"]
[Black "Jensen, Peter Haugaard"]
[Result "1/2-1/2"]
[WhiteElo "1251"]
[BlackElo "1222"]
[PlyCount "102"]
[EventDate "1995.09.08"]
[EventType "tourn"]
[EventRounds "8"]
[EventCountry "DEN"]
[SourceTitle "EXT 2023"]
[Source "ChessBase"]
[SourceDate "2022.10.05"]
[SourceVersion "1"]
[SourceVersionDate "2022.10.05"]
[SourceQuality "1"]

1. e4 e5 2. Bc4 Nf6 3. d4 Qe7 4. Nc3 exd4 5. Qxd4 Nc6 6. Qd1 Nxe4 7. Nxe4 Qxe4+ 8. Qe2 Qxe2+ 9. Nxe2 Bc5 10. 0-0 d6 11. c3 Bf5 12. Nf4 0-0 13. Bd2 Ne5 14. Bb3 Rfe8 15. Nd5 Rac8 16. h3 c6 17. Ne3 Bd3 18. Rfe1 Re7 19. Ng4 Rce8 20. Nxe5 Rxe5 21. Rxe5 Rxe5 22. Re1 Rxe1+ 23. Bxe1 d5 24. Bd2 f5 25. Be3 Bxe3 26. fxe3 g5 27. Kf2 Kf7 28. Bd1 Kg6 29. g3 h5 30. b4 g4 31. h4 Kf6 32. Be2 Bxe2 33. Kxe2 Ke5 34. Kd3 b5 35. a3 a6 36. Kd2 Kd6 37. Kd3 c5 38. Ke2 cxb4 39. cxb4 Kc6 40. Kd3 Kb6 41. Kd4 Kc6 42. Ke5 a5 43. bxa5 Kb7 44. Kxd5 Ka6 45. Ke5 Kxa5 46. Kxf5 Ka4 47. e4 Kxa3 48. e5 b4 49. e6 b3 50. e7 b2 51. e8Q b1Q+ 1/2-1/2